|
|
|
|
| LEADER |
00000nam0a2200000 4500 |
| 001 |
102118 |
| 005 |
20231101214416.0 |
| 035 |
|
|
|a (RuTPU)RU\TPU\book\110119
|
| 090 |
|
|
|a 102118
|
| 100 |
|
|
|a 20060919d1964 m y0rusy50 ca
|
| 101 |
0 |
|
|a rus
|
| 102 |
|
|
|a RU
|
| 105 |
|
|
|a a z 001zy
|
| 200 |
1 |
|
|a Физические основы рабочего процесса в камерах сгорания воздушно-реактивных двигателей
|f Б. В. Раушенбах [и др.]
|
| 210 |
|
|
|a Москва
|c Машиностроение
|d 1964
|
| 215 |
|
|
|a 527 с.
|c ил.
|
| 320 |
|
|
|a Библиография в конце глав.
|
| 606 |
1 |
|
|a Авиационные двигатели воздушно-реактивные
|x Камеры сгорания
|x Рабочий процесс
|2 stltpush
|3 (RuTPU)RU\TPU\subj\272
|9 29247
|
| 610 |
1 |
|
|a воздушно-реактивные двигатели
|
| 610 |
1 |
|
|a камеры сгорания
|
| 610 |
1 |
|
|a рабочие процессы
|
| 610 |
1 |
|
|a смесеобразование
|
| 610 |
1 |
|
|a ламинарные потоки
|
| 610 |
1 |
|
|a турбулентность
|
| 610 |
1 |
|
|a охлаждение
|
| 675 |
|
|
|a 621.452
|v 3
|
| 701 |
|
1 |
|a Раушенбах
|b Б. В.
|g Борис Викторович
|
| 701 |
|
1 |
|a Белый
|b С. А.
|g Сергей Андреевич
|
| 701 |
|
1 |
|a Беспалов
|b И. В.
|g Иван Венифатьевич
|
| 701 |
|
1 |
|a Бородачев
|b В. Я.
|g Владимир Яковлевич
|
| 701 |
|
1 |
|a Волынский
|b М. С.
|g Марк Семенович
|
| 701 |
|
1 |
|a Прудников
|b А. Г.
|g Александр Григорьевич
|
| 801 |
|
1 |
|a RU
|b 63413507
|c 20060919
|g PSBO
|
| 801 |
|
2 |
|a RU
|b 63413507
|c 20190917
|g PSBO
|
| 942 |
|
|
|c BK
|